000
00297nam a2200145Ia 4500
100
_a
Ackerman & Ackerman
650
_a
General
942
_c
BK
654
_a
Money
245
_a
Money
260
_b
A Playboy Press Book
_a
Chicago
_c
1976
082
_a
650.1
300
_a
207
546
_a
ENGLISH
999
_c
30531
_d
30531